| 000 | 00451nam a2200181Ia 4500 | ||
|---|---|---|---|
| 005 | 20250603145352.0 | ||
| 008 | 250603s9999 xx 000 0 und d | ||
| 020 | _a9781259006159 | ||
| 050 | _aQA 76.6 .H35/ | ||
| 100 | _aHall, Douglas V. | ||
| 245 | 0 | _aMicroprocessors and interfacing : programming and hardware | |
| 250 | _a3rd ed. | ||
| 260 | _aIndia | ||
| 260 | _bMcGraw Hill Education | ||
| 260 | _c2012 | ||
| 650 | _aIndia | ||
| 942 | _cBK | ||
| 999 |
_c41662 _d41662 |
||